The Making of iCourts (Record no. 33076)
[ view plain ]
| 000 -LEADER | |
|---|---|
| fixed length control field | 00714nam a2200133Ia 4500 |
| 008 - FIXED-LENGTH DATA ELEMENTS--GENERAL INFORMATION | |
| fixed length control field | 220620s9999||||xx |||||||||||||| ||und|| |
| 020 ## - INTERNATIONAL STANDARD BOOK NUMBER | |
| International Standard Book Number | 978-3-7489-2788-4 |
| 245 #4 - TITLE STATEMENT | |
| Title | The Making of iCourts |
| Remainder of title | New Interdisciplinary Legal Research |
| 546 ## - LANGUAGE NOTE | |
| Language note | English[eng] |
| 650 ## - SUBJECT ADDED ENTRY--TOPICAL TERM | |
| Topical term or geographic name entry element | Dänemark, Danish Law, Festschrift, Interdisciplinary Legal Research, International Adjudication, International Courts, International economic law, International Law, Internationale Gerichtshöfe, Internationales Prozessrecht, Internationales Recht, Internationales Wirtschaftsrecht, Mikael Rask Madsen, Recht des Auslands |
| 700 ## - ADDED ENTRY--PERSONAL NAME | |
| Personal name | Olsen, Henrik Palmer||Lund, Henrik Stampe |
| 856 ## - ELECTRONIC LOCATION AND ACCESS | |
| Uniform Resource Identifier | <a href="doi.org/10.5771/9783748927884">doi.org/10.5771/9783748927884</a> |
| 942 ## - ADDED ENTRY ELEMENTS (KOHA) | |
| Koha item type | E-Books |
| Withdrawn status | Lost status | Damaged status | Not for loan | Home library | Current library | Date acquired | Total Checkouts | Date last seen | Price effective from | Koha item type |
|---|---|---|---|---|---|---|---|---|---|---|
| Kerala University of Digital Sciences, Innovation and Technology Knowledge Centre | Kerala University of Digital Sciences, Innovation and Technology Knowledge Centre | 20/06/2022 | 20/06/2022 | 20/06/2022 | E-Books |